[Event "SUI-ch Rapid"]
[Site "Biel"]
[Date "2023.07.30"]
[Round "7"]
[White "Schweizer, Samuel"]
[Black "Loetscher, Roland"]
[Result "0-1"]
[WhiteElo "2084"]
[BlackElo "2386"]
[PlyCount "72"]
[EventDate "2023.07.30"]
[EventType "swiss (rapid)"]
[EventRounds "9"]
[EventCountry "SUI"]
[SourceTitle "CBM 215 Extra"]
[Source "ChessBase"]
[SourceDate "2023.09.30"]
[SourceVersion "1"]
[SourceVersionDate "2023.09.30"]
[SourceQuality "1"]

1. h3 d5 2. d4 c5 3. c3 Nf6 4. Nf3 e6 5. Bf4 Bd6 6. Bxd6 Qxd6 7. e3 0-0 8. Nbd2 Nbd7 9. Bd3 b6 10. 0-0 Bb7 11. Qb1 e5 12. dxe5 Nxe5 13. Nxe5 Qxe5 14. Nf3 Qe7 15. Rd1 Rfd8 16. b4 d4 17. cxd4 Bxf3 18. gxf3 cxd4 19. exd4 Nd5 20. Bxh7+ Kh8 21. Be4 Nf4 22. Bf5 g6 23. Qe4 Qg5+ 24. Bg4 Re8 25. Qb7 f5 26. Re1 Nxh3+ 27. Kg2 fxg4 28. Rh1 Rad8 29. Rh2 Rxd4 30. Rf1 Kg8 31. Kh1 g3 32. Rxh3 g2+ 33. Kh2 gxf1N+ 34. Kh1 Rh4 35. Qd7 Rxh3+ 36. Qxh3 Qh5 0-1

[Event "SUI-ch 122nd"]
[Site "Leukerbad"]
[Date "2023.07.17"]
[Round "3"]
[White "Loetscher, Roland"]
[Black "Hasenohr, Benedict"]
[Result "0-1"]
[WhiteElo "2386"]
[BlackElo "2273"]
[PlyCount "158"]
[EventDate "2023.07.15"]
[EventType "tourn"]
[EventRounds "9"]
[EventCountry "SUI"]
[EventCategory "5"]
[SourceTitle "CBM 215 Extra"]
[Source "ChessBase"]
[SourceDate "2023.09.30"]
[SourceVersion "1"]
[SourceVersionDate "2023.09.30"]
[SourceQuality "1"]

1. d4 d5 2. c4 c6 3. Nf3 e6 4. Nbd2 Nf6 5. g3 Ne4 6. Bg2 f5 7. 0-0 Nd7 8. Nxe4 dxe4 9. Ng5 Nb6 10. b3 Bb4 11. Be3 0-0 12. f3 h6 13. Nh3 exf3 14. exf3 e5 15. dxe5 Bc3 16. f4 Bxa1 17. Qxa1 Be6 18. Rd1 Qe8 19. Nf2 Qh5 20. Bc5 Rf7 21. Rd2 g5 22. Nd3 Rg7 23. Qd4 Nd7 24. Bd6 Nf8 25. Nc5 Rd8 26. Nd3 Ng6 27. Rf2 Qd1+ 28. Rf1 Qc2 29. Rf2 Qb1+ 30. Bf1 Kh7 31. fxg5 hxg5 32. Nc5 Bc8 33. Kg2 b6 34. Nd3 c5 35. Qe3 f4 36. Qe1 Bb7+ 37. Kg1 Qxe1 38. Nxe1 Kg8 39. Bd3 Re8 40. Re2 f3 41. Re3 g4 42. Bc2 Bc8 43. Be4 Nh8 44. Nd3 Nf7 45. Bb8 Ng5 46. Bd5+ Be6 47. Bd6 Bxd5 48. cxd5 Rd7 49. Re1 Nf7 50. Re4 Nxd6 51. Rxg4+ Rg7 52. Rxg7+ Kxg7 53. exd6 Kf6 54. Nf4 Ke5 55. Kf2 Kxd6 56. h4 b5 57. Kxf3 c4 58. bxc4 bxc4 59. Ne2 Kxd5 60. g4 Ke5 61. Ke3 Kf6+ 62. Kd2 Re4 63. g5+ Kg6 64. Nc3 Rxh4 65. Nb5 a6 66. Nc7 Kxg5 67. Kc3 Kf5 68. Nd5 Ke5 69. Nb6 Kd6 70. Nxc4+ Kc5 71. Ne5 Rh3+ 72. Kb2 Kd5 73. Ng6 Rf3 74. Ne7+ Kd6 75. Nc8+ Kc5 76. Ne7 Rf6 77. Ng8 Re6 78. Kb3 Kd6 79. Kc4 Rg6 0-1

[Event "SUI-ch 122nd"]
[Site "Leukerbad"]
[Date "2023.07.16"]
[Round "2"]
[White "Baenziger, Fabian"]
[Black "Loetscher, Roland"]
[Result "1/2-1/2"]
[WhiteElo "2422"]
[BlackElo "2386"]
[PlyCount "75"]
[EventDate "2023.07.15"]
[EventType "tourn"]
[EventRounds "9"]
[EventCountry "SUI"]
[EventCategory "5"]
[SourceTitle "CBM 215 Extra"]
[Source "ChessBase"]
[SourceDate "2023.09.30"]
[SourceVersion "1"]
[SourceVersionDate "2023.09.30"]
[SourceQuality "1"]

1. d4 d5 2. c4 c6 3. Nf3 Nf6 4. e3 e6 5. Nc3 Nbd7 6. Bd3 dxc4 7. Bxc4 b5 8. Bd3 Bb7 9. e4 b4 10. Na4 c5 11. e5 Nd5 12. 0-0 h6 13. Bd2 Be7 14. Rc1 cxd4 15. Re1 Bg5 16. Nxd4 0-0 17. Bb5 Bxd2 18. Qxd2 Rb8 19. Bc6 Qe7 20. g3 Rfc8 21. Bxb7 Rxc1 22. Rxc1 Rxb7 23. Rc8+ Nf8 24. Qc2 Rc7 25. Rxc7 Nxc7 26. Nc6 Qd7 27. Nxb4 Ng6 28. Nc6 Nb5 29. Qc4 a6 30. Qe4 Nd4 31. Qxd4 Qxc6 32. Nc5 a5 33. h4 Qf3 34. Nd7 h5 35. b3 Qe2 36. a3 Qa2 37. Nc5 Qxa3 38. Qc3 1/2-1/2

[Event "SUI-chT"]
[Site "Switzerland"]
[Date "2021.12.11"]
[Round "8.6"]
[White "Loetscher, Roland"]
[Black "Sokolov, Andrei"]
[Result "1/2-1/2"]
[WhiteElo "2404"]
[BlackElo "2488"]
[PlyCount "83"]
[EventDate "2021.08.29"]
[EventType "team-tourn"]
[EventRounds "9"]
[EventCountry "SUI"]
[SourceTitle "EXT 2023"]
[Source "ChessBase"]
[SourceDate "2022.10.05"]
[SourceVersion "1"]
[SourceVersionDate "2022.10.05"]
[SourceQuality "1"]
[WhiteTeam "Luzern"]
[BlackTeam "Geneve"]
[WhiteTeamCountry "SUI"]
[BlackTeamCountry "SUI"]

1. d4 Nf6 2. c4 e6 3. g3 d5 4. Bg2 Bb4+ 5. Bd2 Be7 6. Nf3 0-0 7. 0-0 c6 8. Qc2 Nbd7 9. Rd1 b6 10. Be1 Bb7 11. Nc3 Rc8 12. Rac1 Re8 13. Nd2 c5 14. dxc5 Bxc5 15. Qb1 Bb4 16. cxd5 exd5 17. Nb3 Bxc3 18. Bxc3 Rxe2 19. Nd4 Re8 20. Nb5 Nc5 21. Nxa7 Ra8 22. Nb5 Qd7 23. Bxf6 Qxb5 24. Bc3 Qa4 25. Qf5 Qxa2 26. Rxd5 Bxd5 27. Bxd5 Qa7 28. Bxa8 Rxa8 29. Qe5 Ne6 30. Rd1 Qb7 31. f4 Re8 32. f5 f6 33. Qe2 Nc7 34. Qc4+ Kh8 35. Rd7 Qf3 36. Rxc7 h5 37. Rc8 Qd1+ 38. Kg2 Qc2+ 39. Kg1 Qd1+ 40. Kg2 Qc2+ 41. Kg1 Qd1+ 42. Kg2 1/2-1/2

[Event "Zuerich op-A 41st"]
[Site "Zuerich"]
[Date "2017.12.29"]
[Round "6"]
[White "Akermann, Thomas"]
[Black "Loetscher, Roland"]
[Result "0-1"]
[WhiteElo "2153"]
[BlackElo "2422"]
[PlyCount "62"]
[EventDate "2017.12.26"]
[EventType "swiss"]
[EventRounds "7"]
[EventCountry "SUI"]
[SourceTitle "EXT 2019"]
[Source "ChessBase"]
[SourceDate "2018.10.10"]
[SourceVersion "1"]
[SourceVersionDate "2018.10.10"]
[SourceQuality "1"]

1. c4 c6 2. Nc3 d5 3. cxd5 cxd5 4. d4 Nc6 5. e4 Nf6 6. e5 Ne4 7. Nf3 Bg4 8. Qb3 Nxc3 9. bxc3 Qd7 10. Bd3 e6 11. 0-0 Rc8 12. Qb1 Be7 13. Bd2 Bxf3 14. gxf3 g6 15. Bh6 f5 16. Bd2 0-0 17. a4 Na5 18. Rc1 Rf7 19. Be1 Bg5 20. Rc2 Qd8 21. Bf1 Bf4 22. Rb2 b6 23. Qd1 Rg7 24. Bg2 h5 25. h3 Rcc7 26. Kf1 Nc4 27. Rba2 g5 28. Ke2 g4 29. hxg4 Qh4 30. Kd3 Qh2 31. gxf5 Qxg2 0-1

[Event "SUI-chT"]
[Site "Switzerland"]
[Date "2017.10.15"]
[Round "9.4"]
[White "Cvitan, Ognjen"]
[Black "Loetscher, Roland"]
[Result "1-0"]
[WhiteElo "2480"]
[BlackElo "2446"]
[PlyCount "45"]
[EventDate "2017.03.19"]
[EventType "team-swiss"]
[EventRounds "9"]
[EventCountry "SUI"]
[SourceTitle "EXT 2019"]
[Source "ChessBase"]
[SourceDate "2018.10.10"]
[SourceVersion "1"]
[SourceVersionDate "2018.10.10"]
[SourceQuality "1"]
[WhiteTeam "Riehen"]
[BlackTeam "Luzern"]
[WhiteTeamCountry "SUI"]
[BlackTeamCountry "SUI"]

1. c4 c6 2. e4 d5 3. exd5 cxd5 4. cxd5 Nf6 5. Nc3 Nxd5 6. Nf3 Nc6 7. Bb5 e6 8. 0-0 Be7 9. d4 0-0 10. Re1 Bd7 11. Bd3 Ncb4 12. Bb1 Nf6 13. Ne5 Bc6 14. Re3 Nbd5 15. Rh3 Nxc3 16. bxc3 Qd5 17. Rg3 Rfd8 18. Qe2 Kf8 19. Bxh7 g6 20. Rxg6 Nxh7 21. Qh5 Bg5 22. Rg8+ Ke7 23. Ba3+ 1-0

[Event "SUI-ch 117th"]
[Site "Graechen"]
[Date "2017.07.16"]
[Round "4"]
[White "Loetscher, Roland"]
[Black "Demuth, Adrien"]
[Result "0-1"]
[WhiteElo "2433"]
[BlackElo "2558"]
[PlyCount "58"]
[EventDate "2017.07.13"]
[EventType "swiss"]
[EventRounds "9"]
[EventCountry "SUI"]
[SourceTitle "EXT 2018"]
[Source "ChessBase"]
[SourceDate "2017.10.13"]
[SourceVersion "1"]
[SourceVersionDate "2017.10.13"]
[SourceQuality "1"]

1. d4 d5 2. c4 c6 3. Nf3 Nf6 4. e3 Bf5 5. Nc3 e6 6. Nh4 Be4 7. f3 Bg6 8. Qb3 Qc7 9. Bd2 Be7 10. 0-0-0 dxc4 11. Bxc4 b5 12. Be2 a6 13. Nxg6 hxg6 14. g3 c5 15. dxc5 Nbd7 16. Kb1 Nxc5 17. Qc2 Rc8 18. Rc1 0-0 19. Ka1 Qb7 20. Qd1 Rfd8 21. Qe1 b4 22. Nb1 a5 23. Rc4 Nfd7 24. Qf2 Bf6 25. Rd1 Nb6 26. Rf4 Nca4 27. Rxf6 gxf6 28. Qf1 Qc7 29. Rc1 Qe5 0-1

[Event "SUI-chT"]
[Site "Switzerland"]
[Date "2016.10.09"]
[Round "9.4"]
[White "Loetscher, Roland"]
[Black "Cvitan, Ognjen"]
[Result "1-0"]
[WhiteElo "2429"]
[BlackElo "2503"]
[PlyCount "197"]
[EventDate "2016.03.20"]
[EventType "team-tourn"]
[EventRounds "9"]
[EventCountry "SUI"]
[SourceTitle "EXT 2017"]
[Source "ChessBase"]
[SourceDate "2016.10.25"]
[SourceVersion "1"]
[SourceVersionDate "2016.10.25"]
[SourceQuality "1"]
[WhiteTeam "Luzern"]
[BlackTeam "Riehen"]
[WhiteTeamCountry "SUI"]
[BlackTeamCountry "SUI"]

1. d4 Nf6 2. c4 e6 3. g3 d5 4. Bg2 Be7 5. Nf3 0-0 6. 0-0 c5 7. cxd5 exd5 8. dxc5 Bxc5 9. a3 Ne4 10. b4 Be7 11. Bb2 Nc6 12. Nc3 Bf6 13. Rc1 Be6 14. Qc2 Nxc3 15. Bxc3 d4 16. Bb2 Rc8 17. Qd3 a6 18. Rfd1 Qb6 19. Rd2 h6 20. Rdc2 Rcd8 21. Rc5 Rfe8 22. Nd2 Ne5 23. Qb1 Nd7 24. Rc7 Rb8 25. Qe4 Qb5 26. Qd3 Bf5 27. Be4 Bh3 28. Qxb5 axb5 29. Bd3 Be5 30. R7c2 Nb6 31. Bxb5 Red8 32. Nf3 Bf6 33. Rd2 Rd5 34. Rc5 Rbd8 35. a4 R5d6 36. Ne1 Nd5 37. Nd3 Bf5 38. Nf4 Nxf4 39. gxf4 Bh3 40. Rd3 Bg4 41. Kf1 b6 42. Rc6 Bf5 43. Rxd6 Rxd6 44. Rd1 Be7 45. Rxd4 Bh3+ 46. Ke1 Rxd4 47. Bxd4 Bxb4+ 48. Kd1 Ba5 49. e4 Bg4+ 50. Kc2 Bf3 51. Kd3 g6 52. Bf6 Bb4 53. Bd4 Ba5 54. Be3 Kf8 55. f5 gxf5 56. Bxh6+ Ke7 57. e5 f6 58. Bg7 fxe5 59. Bxe5 Kf7 60. Bc7 Kf6 61. Kd4 Kg5 62. Bd7 Kg4 63. Ke3 Bd5 64. f3+ Kg5 65. Bd8+ Kg6 66. Kf4 Bd2+ 67. Ke5 Bxf3 68. Bxf5+ Kh5 69. Bxb6 Bb7 70. a5 Ba6 71. Bc7 Bg5 72. Kd4 Bf6+ 73. Kc5 Kg5 74. Bd7 Bc3 75. Kb6 Be2 76. a6 Bd4+ 77. Kb7 Bxa6+ 78. Kxa6 Kf6 79. Bg3 Kg7 80. Kb5 Kf6 81. Kc4 Bb2 82. Kd5 Bc3 83. Bh4+ Kg7 84. Ke6 Bd4 85. Kf5 Bc3 86. Bg5 Bd4 87. Be8 Bc3 88. h4 Bd4 89. h5 Bc3 90. h6+ Kh7 91. Bg6+ Kg8 92. Be7 Bb2 93. Kg5 Bc1+ 94. Kh5 Bb2 95. Bc5 Bc3 96. Be8 Kh7 97. Bb5 Bb2 98. Bd3+ Kg8 99. Kg6 1-0

[Event "SUI-ch 116th"]
[Site "Flims"]
[Date "2016.07.12"]
[Round "6"]
[White "Bogner, Sebastian"]
[Black "Loetscher, Roland"]
[Result "1/2-1/2"]
[WhiteElo "2556"]
[BlackElo "2426"]
[PlyCount "79"]
[EventDate "2016.07.07"]
[EventType "tourn"]
[EventRounds "9"]
[EventCountry "SUI"]
[EventCategory "9"]
[SourceTitle "CBM 173 Extra"]
[Source "ChessBase"]
[SourceDate "2016.08.29"]
[SourceVersion "1"]
[SourceVersionDate "2016.08.29"]
[SourceQuality "1"]

1. d4 d5 2. c4 c6 3. Nf3 Nf6 4. Nc3 dxc4 5. a4 e6 6. e4 Bb4 7. Bg5 h6 8. Bxf6 Qxf6 9. Bxc4 c5 10. 0-0 cxd4 11. e5 Qd8 12. Ne4 Nc6 13. Qc1 0-0 14. Qf4 Be7 15. Rfd1 f5 16. exf6 Bxf6 17. Nxf6+ Rxf6 18. Qe4 Qf8 19. Nxd4 Rf4 20. Qe3 Nxd4 21. Rxd4 Rxd4 22. Qxd4 b6 23. Re1 Rb8 24. Qe5 Rb7 25. Bxe6+ Bxe6 26. Qxe6+ Qf7 27. Qc8+ Kh7 28. Re8 Rd7 29. Rh8+ Kg6 30. Qc6+ Kh5 31. Qb5+ Kg6 32. Qe2 Qd5 33. Qg4+ Kf7 34. Qf4+ Kg6 35. g3 Qd1+ 36. Kg2 Qd5+ 37. Qf3 Qxf3+ 38. Kxf3 Rd3+ 39. Kg2 Rb3 40. a5 1/2-1/2

[Event "SUI-ch 116th"]
[Site "Flims"]
[Date "2016.07.08"]
[Round "2"]
[White "Loetscher, Roland"]
[Black "Klauser, Markus"]
[Result "1/2-1/2"]
[WhiteElo "2426"]
[BlackElo "2365"]
[PlyCount "122"]
[EventDate "2016.07.07"]
[EventType "tourn"]
[EventRounds "9"]
[EventCountry "SUI"]
[EventCategory "9"]
[SourceTitle "CBM 173 Extra"]
[Source "ChessBase"]
[SourceDate "2016.08.29"]
[SourceVersion "1"]
[SourceVersionDate "2016.08.29"]
[SourceQuality "1"]

1. d4 Nf6 2. g3 d5 3. Bg2 c6 4. Nf3 Bf5 5. 0-0 e6 6. Nh4 Be4 7. f3 Bg6 8. e4 Be7 9. Be3 Qb6 10. Nc3 Qxb2 11. Qd3 Qb6 12. Rab1 Qc7 13. Bf4 Qc8 14. Nxg6 hxg6 15. exd5 Nxd5 16. Nxd5 cxd5 17. Qb5+ Nc6 18. c4 0-0 19. Qxb7 Qxb7 20. Rxb7 dxc4 21. Rc1 Bf6 22. Be3 Nxd4 23. Rxc4 Nf5 24. Bc5 Rfc8 25. Rbb4 a5 26. Ra4 Rab8 27. Bf1 Rb1 28. Ba7 Rd8 29. Rc2 Rdd1 30. Rf2 Bc3 31. Kg2 Be1 32. Rc2 Rd2+ 33. Rxd2 Bxd2 34. Bd3 Rb2 35. Kh3 Bb4 36. a3 Bd2 37. Bc5 Rb3 38. Be2 Ne3 39. Re4 Nd5 40. Rc4 Be3 41. Bd6 Rb2 42. Bd3 Rd2 43. Bb1 Nb6 44. Rc6 Bg1 45. g4 Be3 46. Bg3 Nd5 47. Rc2 Rd4 48. Rb2 Ra4 49. Rb3 Bc5 50. Rb8+ Kh7 51. Rb7 f6 52. g5 fxg5 53. Be5 Nf4+ 54. Bxf4 Rxf4 55. Rb3 Ra4 56. Rb5 Be7 57. Re5 Rxa3 58. Rxe6 Bf6 59. Be4 Ra1 60. Re8 Rd1 61. Ra8 Bc3 1/2-1/2

[Event "SUI-ch 116th"]
[Site "Flims"]
[Date "2016.07.07"]
[Round "1"]
[White "Kurmann, Oliver"]
[Black "Loetscher, Roland"]
[Result "1-0"]
[WhiteElo "2447"]
[BlackElo "2426"]
[PlyCount "84"]
[EventDate "2016.07.07"]
[EventType "tourn"]
[EventRounds "9"]
[EventCountry "SUI"]
[EventCategory "9"]
[SourceTitle "CBM 173 Extra"]
[Source "ChessBase"]
[SourceDate "2016.08.29"]
[SourceVersion "1"]
[SourceVersionDate "2016.08.29"]
[SourceQuality "1"]

1. e4 e5 2. Nf3 Nc6 3. Bc4 Nf6 4. d3 Bc5 5. 0-0 0-0 6. c3 d5 7. exd5 Nxd5 8. a4 a5 9. Nbd2 Nb6 10. Bb5 Bd6 11. Re1 Bf5 12. Bxc6 bxc6 13. Nxe5 Bxe5 14. Rxe5 Bxd3 15. Nf3 Qd7 16. b3 Bg6 17. Ba3 Rfe8 18. Qxd7 Nxd7 19. Rxe8+ Rxe8 20. Nd4 c5 21. Nc6 Bc2 22. Nxa5 c4 23. bxc4 Bxa4 24. f3 f6 25. Bb4 Bc2 26. Nc6 Ne5 27. Nd4 Bd3 28. Ra7 c6 29. c5 h5 30. h4 g6 31. Rc7 Ra8 32. Nxc6 Ra1+ 33. Kh2 Nc4 34. Ne7+ Kh8 35. Nd5 g5 36. Nxf6 Ne3 37. hxg5 Bf5 38. c6 h4 39. Bf8 Nf1+ 40. Kg1 Ng3+ 41. Kf2 Rf1+ 42. Ke3 Re1+ 1-0

[Event "Mitropa Cup 35th"]
[Site "Prague"]
[Date "2016.06.24"]
[Round "6.3"]
[White "Loetscher, Roland"]
[Black "Vykouk, Jan"]
[Result "1/2-1/2"]
[WhiteElo "2435"]
[BlackElo "2434"]
[PlyCount "62"]
[EventDate "2016.06.19"]
[EventType "team-tourn"]
[EventRounds "9"]
[EventCountry "CZE"]
[SourceTitle "CBM 173 Extra"]
[Source "ChessBase"]
[SourceDate "2016.08.29"]
[SourceVersion "1"]
[SourceVersionDate "2016.08.29"]
[SourceQuality "1"]
[WhiteTeam "Switzerland"]
[BlackTeam "Czech Republic II"]
[WhiteTeamCountry "SUI"]
[BlackTeamCountry "CZE"]

1. d4 Nf6 2. c4 e6 3. g3 c5 4. d5 exd5 5. cxd5 b5 6. Nf3 Bb7 7. e4 Nxe4 8. Bg2 Be7 9. 0-0 0-0 10. Re1 f5 11. Nc3 Nxc3 12. bxc3 Bf6 13. Rb1 a6 14. Bf4 Bxc3 15. Re3 Bf6 16. Bd6 Re8 17. Rbb3 Rxe3 18. Rxe3 a5 19. Qe2 Na6 20. Qxb5 Bxd5 21. Ne5 Be6 22. Bxa8 Bxe5 23. Rxe5 Qxa8 24. Qxa5 h6 25. Rxc5 f4 26. Re5 Qc6 27. Rxe6 dxe6 28. Bxf4 Nc5 29. Qc7 Qd5 30. Be5 Qd1+ 31. Kg2 Qd5+ 1/2-1/2

[Event "Bad Ragaz Accentus YM"]
[Site "Bad Ragaz"]
[Date "2016.04.13"]
[Round "8"]
[White "Loetscher, Roland"]
[Black "Studer, Noel"]
[Result "0-1"]
[WhiteElo "2435"]
[BlackElo "2438"]
[PlyCount "96"]
[EventDate "2016.04.06"]
[EventType "tourn"]
[EventRounds "9"]
[EventCountry "SUI"]
[EventCategory "9"]
[SourceTitle "CBM 171 Extra"]
[Source "ChessBase"]
[SourceDate "2016.04.26"]
[SourceVersion "1"]
[SourceVersionDate "2016.04.26"]
[SourceQuality "1"]

1. d4 e6 2. c4 Nf6 3. g3 d5 4. Bg2 Bb4+ 5. Bd2 Be7 6. Nf3 0-0 7. 0-0 c6 8. Bf4 Nbd7 9. Nc3 Nh5 10. Bc1 Nhf6 11. Qd3 b6 12. cxd5 cxd5 13. Bf4 a6 14. Rac1 Bb7 15. Na4 Ne8 16. Ne5 Nb8 17. Qb3 b5 18. Nc5 Ra7 19. a4 Nd6 20. axb5 Nxb5 21. Rfd1 Ba8 22. Bh3 Bxc5 23. Rxc5 Qe7 24. Qc2 f6 25. Nf3 Bb7 26. Qa4 Nc6 27. Rdc1 Qd7 28. Be3 Raa8 29. Ne1 Qd6 30. Nd3 e5 31. dxe5 fxe5 32. Qb3 Ncd4 33. Qd1 Rae8 34. Bg2 Ne6 35. Bd2 Nxc5 36. Bb4 Qf6 37. Bxc5 Rf7 38. b4 d4 39. Bxb7 Rxb7 40. f3 Nc3 41. Qb3+ Rf7 42. Rxc3 dxc3 43. Qxc3 e4 44. Qxf6 Rxf6 45. fxe4 Rxe4 46. Nc1 Rf5 47. e3 Rxc5 48. bxc5 Rxe3 0-1

[Event "Bad Ragaz Accentus YM"]
[Site "Bad Ragaz"]
[Date "2016.04.12"]
[Round "7"]
[White "Loetscher, Roland"]
[Black "Demuth, Adrien"]
[Result "1/2-1/2"]
[WhiteElo "2435"]
[BlackElo "2550"]
[PlyCount "94"]
[EventDate "2016.04.06"]
[EventType "tourn"]
[EventRounds "9"]
[EventCountry "SUI"]
[EventCategory "9"]
[SourceTitle "CBM 171 Extra"]
[Source "ChessBase"]
[SourceDate "2016.04.26"]
[SourceVersion "1"]
[SourceVersionDate "2016.04.26"]
[SourceQuality "1"]

1. d4 Nf6 2. c4 e6 3. g3 c5 4. d5 exd5 5. cxd5 d6 6. Nc3 g6 7. Nf3 Bg7 8. Bg2 0-0 9. 0-0 Re8 10. Bf4 Ne4 11. Nxe4 Rxe4 12. Nd2 Rxf4 13. gxf4 Bxb2 14. Rb1 Bg7 15. e4 Nd7 16. Qf3 b5 17. Rfe1 a6 18. Qg3 c4 19. e5 Nc5 20. Ne4 Nxe4 21. Bxe4 Rb8 22. Rbd1 Qe7 23. e6 f5 24. Bc2 Kf8 25. h4 Qf6 26. h5 Ke7 27. hxg6 hxg6 28. Kg2 Rb7 29. Rh1 Kd8 30. Qa3 Kc7 31. Qxa6 Rb6 32. Qa5 Bb7 33. Rh7 g5 34. Bxf5 gxf4 35. Kf3 Qxf5 36. Rxg7+ Kc8 37. Rg8+ Kc7 38. Rg7+ Kc8 39. Qxb6 Bxd5+ 40. Rxd5 Qxd5+ 41. Kxf4 Qe5+ 42. Kf3 Qf6+ 43. Ke2 Qb2+ 44. Kf1 Qa1+ 45. Ke2 Qb2+ 46. Kf1 Qa1+ 47. Ke2 Qb2+ 1/2-1/2